000 00781nam a2200253Ia 4500
003 OSt
005 20220928113718.0
006 a|||||r|||| 00| 0
007 ta
008 220927b |||||||| |||| 00| 0 eng d
020 _c795
024 _a106292
037 _b550, 04/02/2010, Pioneer Book Distributors
_cTextual
040 _aSDCL
_cSDCL
_beng
041 _2eng
_aeng
082 _aV2:19(C9B3)'P, Q0
100 _aMalik Priyanjali
_9434660
245 0 _aIndia's nuclear debate
_b Exceptionalism and the bomb.
260 _aLondon
_bRoutledge
_c2010
300 _avii,344p
_ccm.
650 _aPolitical Science
942 _hV2:19(C9B3)'P, Q0
_cTEXL
_2CC
999 _c750958
_d750958